Formula One World Drivers' and Constructors' Championship by Year - Statistics

General Stats
  • This quiz has been taken 64 times
    36 since last reset
  • The average score is 80 of 142
Answer Stats
Hint Answer % Correct
1952 Alberto Ascari
88%
1953 Alberto Ascari
88%
1950 Giuseppe Farina
88%
1951 Juan Manuel Fangio
88%
1954 Juan Manuel Fangio
88%
1955 Juan Manuel Fangio
88%
1956 Juan Manuel Fangio
88%
1957 Juan Manuel Fangio
88%
1958 Mike Hawthorn
75%
1985 Alain Prost
63%
1986 Alain Prost
63%
1989 Alain Prost
63%
1993 Alain Prost
63%
1988 Ayrton Senna
63%
1990 Ayrton Senna
63%
1991 Ayrton Senna
63%
1972 Emerson Fittipaldi
63%
1974 Emerson Fittipaldi
63%
2007 Ferrari
63%
2008 Ferrari
63%
1962 Graham Hill
63%
1959 Jack Brabham
63%
1960 Jack Brabham
63%
1969 Jackie Stewart
63%
1971 Jackie Stewart
63%
1973 Jackie Stewart
63%
1963 Jim Clark
63%
1965 Jim Clark
63%
1970 Jochen Rindt
63%
1964 John Surtees
63%
1982 Keke Rosberg
63%
2014 Lewis Hamilton
63%
2015 Lewis Hamilton
63%
2017 Lewis Hamilton
63%
2018 Lewis Hamilton
63%
2019 Lewis Hamilton
63%
2020 Lewis Hamilton
63%
1978 Mario Andretti
63%
2021 Max Verstappen
63%
2022 Max Verstappen
63%
2023 Max Verstappen
63%
2024 Max Verstappen
63%
1984 McLaren
63%
1985 McLaren
63%
1988 McLaren
63%
1989 McLaren
63%
1990 McLaren
63%
1991 McLaren
63%
2024 McLaren
63%
2014 Mercedes
63%
2015 Mercedes
63%
2016 Mercedes
63%
2017 Mercedes
63%
2018 Mercedes
63%
2019 Mercedes
63%
2020 Mercedes
63%
2021 Mercedes
63%
1994 Michael Schumacher
63%
1995 Michael Schumacher
63%
1981 Nelson Piquet
63%
1983 Nelson Piquet
63%
1987 Nelson Piquet
63%
2016 Nico Rosberg
63%
1992 Nigel Mansell
63%
1975 Niki Lauda
63%
1977 Niki Lauda
63%
1984 Niki Lauda
63%
1961 Phil Hill
63%
2010 Red Bull
63%
2011 Red Bull
63%
2012 Red Bull
63%
2013 Red Bull
63%
2022 Red Bull
63%
2023 Red Bull
63%
2010 Sebastian Vettel
63%
2011 Sebastian Vettel
63%
2012 Sebastian Vettel
63%
2013 Sebastian Vettel
63%
1987 Williams
63%
1980 Alan Jones
50%
1995 Benetton
50%
1966 Brabham
50%
1967 Brabham
50%
2009 Brawn
50%
1996 Damon Hill
50%
1967 Denny Hulme
50%
2005 Fernando Alonso
50%
2006 Fernando Alonso
50%
1961 Ferrari
50%
1975 Ferrari
50%
1977 Ferrari
50%
2000 Ferrari
50%
2001 Ferrari
50%
2002 Ferrari
50%
2003 Ferrari
50%
2004 Ferrari
50%
1968 Graham Hill
50%
1966 Jack Brabham
50%
1997 Jacques Villeneuve
50%
1976 James Hunt
50%
2009 Jenson Button
50%
1979 Jody Scheckter
50%
2007 Kimi Raikkonen
50%
2008 Lewis Hamilton
50%
1963 Lotus
50%
1965 Lotus
50%
1998 McLaren
50%
2000 Michael Schumacher
50%
2001 Michael Schumacher
50%
2002 Michael Schumacher
50%
2003 Michael Schumacher
50%
2004 Michael Schumacher
50%
1998 Mika Hakkinen
50%
1999 Mika Hakkinen
50%
2005 Renault
50%
2006 Renault
50%
Vanwall
50%
1981 Williams
50%
1986 Williams
50%
1992 Williams
50%
1993 Williams
50%
1996 Williams
50%
1997 Williams
50%
Cooper
38%
1960 Cooper
38%
1964 Ferrari
38%
1976 Ferrari
38%
1979 Ferrari
38%
1982 Ferrari
38%
1983 Ferrari
38%
1999 Ferrari
38%
1968 Lotus
38%
1972 Lotus
38%
1973 Lotus
38%
1969 Matra
38%
1974 McLaren
38%
1971 Tyrrell
38%
1980 Williams
38%
1994 Williams
38%
1962 BRM
25%
1970 Lotus
25%
1978 Lotus
25%
No matching quizzes found
Score Distribution
Percent of People with Each Score
Percentile by Number Answered
Your Score History
You have not taken this quiz since the last reset